00446nam a2200157 a 450000100100000000500170001000800410002702000150006804000250008324500650010825000120017326000330018530000240021850000260024250500200026800004075020201002034343.0130905s20uu cu 000 0 spa d a8495019086 aDO-SdBNPbspacBNPHU00aCatálogo Unificado Especializado de Sellos de Cuba 2012 /. a3a. ed. aBarcelona :bEifil,c[201?]. av. :bil. ;c26 cm. aLa biblioteca el v. 10 gv. 1t1855-1958